| 000 | 00000nas 2200000za 4500 |
| 001 | 9.514558 |
| 003 | CaOODSP |
| 005 | 20200729152933 |
| 007 | ta |
| 008 | 150406c1990||||xxc|| m #||||f| |0eng|d |
| 022 | |a0318-5850 |
| 040 | |aCaOODSP|beng |
| 043 | |an-cn--- |
| 086 | 1 |aEn36-502E |
| 110 | 1 |aCanada. |bEnvironmental Conservation Service. |
| 245 | 10|aScientific series |
| 260 | |aOttawa - Ontario : |bEnvironment Canada. |
| 500 | |aPrepared by Angus Environmental Limited for CCME Subcommittee on Environmental Quality Criteria for Contaminated Sites. |
| 546 | |aRésumés en français |
| 563 | |aSoftcover |
| 775 | 08|tSérie scientifique, étude |w(CaOODSP)9.512960 |
| 776 | 0#|tScientific series |w(CaOODSP)9.823618 |